| 000 | 00775nam a22002177a 4500 | ||
|---|---|---|---|
| 003 | OSt | ||
| 005 | 20260310005445.0 | ||
| 008 | 260310b |||||||| |||| 00| 0 eng d | ||
| 020 | _a 0-7136-4421-4 | ||
| 040 |
_aDWCL GS lib _cOC |
||
| 082 | _2H866c 1996 | ||
| 100 | _aHUDDY, DELIA | ||
| 245 |
_aChillers _bthe nearly ghost baby _cDelia Huddy |
||
| 260 |
_aLondon _bA & C Black _c1996 |
||
| 300 |
_avii, 64 pages: _c 20 cm. |
||
| 520 | _aLisa visits the seemingly ideal Beacon House, only to discover it is haunted by a tragic past that specifically threatens her crying baby brother. | ||
| 546 | _aEnglish | ||
| 650 | _2Being Kind to Others, Not Judging by Appearance | ||
| 650 | _2Kindness and Compassion, Acceptance of Differences | ||
| 942 |
_2ddc _cFIC. _hFic. _n0 |
||
| 999 |
_c8796 _d8796 |
||